000 00766nam a2200241 a 4500
001 000039520
003 DO-SdBNP
005 20180214100234.0
007 000039520
008 130704s1994 dr 000 0 spa d
040 _aBPMET
_bspa
_cBPMET
092 _axxx
_bL435
100 1 _aLeal Espinosa, Fausto
245 1 0 _aNacen nuevas esperanzas para las enfermedades incurables /
_cFausto Leal Espinosa ; prólogo Frank Bendek.
260 _aSanto Domingo :
_bJM Impresos,
_c1994.
300 _a115 p. ;
_b21 cm.
700 1 _aBendek, Frank,
_epról.
930 1 _lBND01
_mLF1
_820130704
_f01
_pCT
_g37691
942 _2ddc
_cBK
945 _ainventariado, 2018 / dg
956 _aYLOCKWARD
_b10
_c20130704
_lBND01
_h1516
956 _aVMATEO
_b10
_c20150712
_lBPMSU
_h00151
999 _c7552
_d7552